000 00686nam a22002417a 4500
003 UA-OsUOA
001 75944
007 ta
008 20110607b un ||||| |||| 00| 0 ukr d
100 _aМогильницька Г.А.
090 _a821.161.2
_bМ74
942 _cBK
040 _aUA-OsUOA
_bukr
_cUA-OsUOA
_dUA-OsUOA
245 _aЗ непам'яті прикликана судьбою
300 _a288 с.
955 _a3
041 _aukr
080 _a821.161.2
020 _a978-966-7421-40-3
260 _aБроварі
_bУкраїнська ідея
_c2007
650 7 _a82 Література. Літературознавство
_2UDC
999 _c362242
_d362242